Điều khiển tự động
Kaydedildi:
| Yazar: | |
|---|---|
| Materyal Türü: | Kitap |
| Dil: | Undetermined |
| Baskı/Yayın Bilgisi: |
Tp. HCM
ĐHQG Tp HCM
2000
|
| Konular: | |
| Etiketler: |
Etiketle
Etiket eklenmemiş, İlk siz ekleyin!
|
| Thư viện lưu trữ: | Trung tâm Học liệu Trường Đại học Cần Thơ |
|---|
| LEADER | 00475nam a2200169Ia 4500 | ||
|---|---|---|---|
| 001 | CTU_48489 | ||
| 008 | 210402s9999 xx 000 0 und d | ||
| 082 | |a 629.8 | ||
| 082 | |b C121/T1 | ||
| 100 | |a Nguyễn Ngọc Cẩn | ||
| 245 | 0 | |a Điều khiển tự động | |
| 245 | 0 | |c Nguyễn Ngọc Cẩn | |
| 260 | |a Tp. HCM | ||
| 260 | |b ĐHQG Tp HCM | ||
| 260 | |c 2000 | ||
| 650 | |a automatic control | ||
| 980 | |a Trung tâm Học liệu Trường Đại học Cần Thơ | ||